| 000 | 00798fam a2200169 a 4500 | ||
|---|---|---|---|
| 020 | _a0262061651 | ||
| 082 | 0 | 0 |
_a532 _bFAY _cL-32, P-15 |
| 100 | 1 |
_aFay, James A. _939914 |
|
| 245 | 1 | 0 |
_aIntroduction to fluid mechanics / _cJames A. Fay. |
| 260 |
_aCambridge, Mass. : _bMIT Press, _cc1994. |
||
| 300 |
_axviii, 605 p. : _bill. ; _c24 cm. |
||
| 505 | 0 | _a1. Introduction -- 2. Fluid Statics -- 3. Conservation of Mass -- 4. Inviscid Flow -- 5. Conservation of Momentum -- 6. Laminar Viscous Flow -- 7. Turbulent Viscous Flow -- 8. Conservation of Energy -- 9. Flow in Fluid Systems -- 10. Dimensional Analysis and Modeling -- 11. Irrotational Flow -- 12. Compressible Flow. | |
| 526 |
_a0 _b0 _c0 _d532_000000000000000_FAY |
||
| 650 | 0 |
_aFluid mechanics. _91678 |
|
| 650 | 0 |
_aMCE _9379 |
|
| 942 |
_2ddc _cBK |
||
| 999 |
_c544311 _d544311 |
||